Дело о расчёте с Опекунским советом по представлению десятой части со сборов

Доступно только в Электронных читальных залах Найти на картеНа карте
RUSMARC
00004057nmc2a22000003x 450
001f3b74bec-7032-4ea4-b76e-c5d30938f540
00520181226125716.0
100##$a20170629l18471848k l0rusy0189 ca
1010#$arus
102##$aRU
2001#$aДело о расчёте с Опекунским советом по представлению десятой части со сборов
$j12 апреля 1847 г. - 22 марта 1848 г.
251##$cДело
300##$aПо Московской дирекции за 1847 год
300##$aОриг. заголовок дела: Дело о расчёте с Опекунским советом в следующей ему части со сборов. 12 апреля 1847 г. - 22 марта 1848 г
801#0$aRU
$bРГИА
$c20170629
$gRCR
801#1$aRU
$bГлавНИВЦ
$c20170629
$2rusmarc
801#2$aRU
$bПБ им. Б.Н. Ельцина
$c20181226
$gRCR
$2rusmarc
850##$aРГИА
852##$aРГИА
$eФедеральное казенное учреждение "Российский государственный исторический архив" (РГИА)
$j11485
937##$hРГИА
$d12247464
$aASBIBLIO_SCAN
462#0$1001dd3991dc-24e1-42ec-8838-ca4255420416
$12001
$aДирекция императорских театров (1746-1850 гг.)
$1251
$cОпись
$1852
$j1
461#0$10019264ebf8-de62-4f1a-9eb4-9f22098dbbd5
$12001
$aДирекция императорских театров Министерства императорского двора
$1251
$cФонд
$1852
$j497
215##$a36 л.
$d36,5х26 см
371##$aДокумент не является опубликованным и широко распространяемым
105##$ay###
1222#$ad
5171#$aДело о расчёте с Опекунским советом в следующей ему части со сборов. 12 апреля 1847 г. - 22 марта 1848 г
035##$af3b74bec-7032-4ea4-b76e-c5d30938f540
856##$uhttp://readingroom.main.prlib.ru/item.aspx?id_node=n122432641&mode=full
Формат отображения